[Event "Ceske Budejovice op-B"]
[Site "Ceske Budejovice"]
[Date "2020.07.09"]
[Round "9"]
[White "Stary, Vojtech"]
[Black "Valasek, Jakub"]
[Result "1/2-1/2"]
[WhiteElo "1422"]
[BlackElo "1688"]
[PlyCount "57"]
[EventDate "2020.07.01"]
[EventType "swiss"]
[EventRounds "9"]
[EventCountry "CZE"]
[SourceTitle "CBM 197 Extra"]
[Source "ChessBase"]
[SourceDate "2020.09.30"]
[SourceVersion "1"]
[SourceVersionDate "2020.09.30"]
[SourceQuality "1"]

1. e4 e5 2. Nf3 Nc6 3. d4 exd4 4. Nxd4 Bc5 5. Be3 Qf6 6. c3 Nge7 7. Qf3 Qxf3 8. gxf3 Bb6 9. Nd2 0-0 10. 0-0-0 d5 11. Rg1 Kh8 12. h4 dxe4 13. fxe4 f5 14. Nxc6 Nxc6 15. Bh3 fxe4 16. Bxc8 Raxc8 17. Bxb6 axb6 18. Nxe4 Rce8 19. Ng5 h6 20. Nh3 Rf3 21. Rg3 Rxg3 22. fxg3 Ne5 23. Nf4 g5 24. hxg5 hxg5 25. Nd3 Nxd3+ 26. Rxd3 Re7 27. Kc2 Kg7 28. Kd2 Kg6 29. g4 1/2-1/2

[Event "Ceske Budejovice op-B"]
[Site "Ceske Budejovice"]
[Date "2020.07.07"]
[Round "7"]
[White "Valasek, Jakub"]
[Black "Finek, Vaclav1"]
[Result "1/2-1/2"]
[WhiteElo "1688"]
[BlackElo "1484"]
[PlyCount "75"]
[EventDate "2020.07.01"]
[EventType "swiss"]
[EventRounds "9"]
[EventCountry "CZE"]
[SourceTitle "CBM 197 Extra"]
[Source "ChessBase"]
[SourceDate "2020.09.30"]
[SourceVersion "1"]
[SourceVersionDate "2020.09.30"]
[SourceQuality "1"]

1. e4 c5 2. Nf3 g6 3. d4 cxd4 4. Nxd4 Bg7 5. Be3 Nc6 6. Nxc6 bxc6 7. Bd4 e5 8. Bc5 d5 9. Nd2 Ne7 10. Be2 0-0 11. 0-0 Be6 12. c3 Re8 13. f3 Rb8 14. Qc2 Qc7 15. a4 Red8 16. b4 d4 17. c4 f5 18. Bd3 Bh6 19. a5 a6 20. Bb6 Rxb6 21. axb6 Qxb6 22. Ra4 fxe4 23. Nxe4 Nf5 24. c5 Qb8 25. Qe2 Rf8 26. Rxa6 Bd5 27. Rb1 Qd8 28. Rba1 Qh4 29. Qe1 Be3+ 30. Kh1 Qh6 31. Ra8 Bf4 32. Rxf8+ Kxf8 33. h3 Bxe4 34. fxe4 Ng3+ 35. Kg1 Be3+ 36. Kh2 Bf4 37. Kg1 Be3+ 38. Kh2 1/2-1/2